Efectos en impuesto diferido del cambio de tasa en el impuesto a las ganancias (Registro nro. 12388)

Detalles MARC
000 -LEADER
fixed length control field 00347 a2200109 4500
001 - CONTROL NUMBER
control field ART_46928
005 - DATE AND TIME OF LATEST TRANSACTION
control field 20260410161630.0
008 - FIXED-LENGTH DATA ELEMENTS--GENERAL INFORMATION
fixed length control field 260409a
100 1# - MAIN ENTRY--PERSONAL NAME
Personal name Torres, Carlos Federico
245 10 - TITLE STATEMENT
Title Efectos en impuesto diferido del cambio de tasa en el impuesto a las ganancias
773 0# - HOST ITEM ENTRY
Title Enfoques
Related parts - N°7 (jul. 2018)
Record control number REV416

No hay ítems disponibles.